Політичні партії і вибори: українські та світові практики (Запис № 442790)

МАРК-запис
000 -Лідер
fixed length control field 02277 a2200253 4500
003 - Ідентифікатор контрольного номера
control field UA-OsUOA
005 - Дата та час останнього входження (трансакції)
control field 20260702163649.0
008 - Елементи даних фіксованої довжини – загальна інформація
fixed length control field 191112b un ||||| |||| 00| 0 ukr d
020 ## - Міжнародний стандартний книжковий номер (ISBN)
Міжнародний стандартний книжковий номер (ISBN) (НП) 9786177501236
040 ## - Джерело каталогізації
Агенція оригінальної каталогізації UA-OsUOA
Мова каталогізації ukr
Агенція, яка здійснювала перезапис UA-OsUOA
Агенція, яка здійснювала модифікацію UA-OsUOA
041 ## - Код мови
Код мови тексту/ звукової доріжки чи окремого заголовка (П) ukr
080 ## - Індекс Універсальної десяткової класифікації
Індекс Універсальної десяткової класифікації (УДК) (НП) 329:324(477+100)
090 ## - Локальний шифр розміщення
Класифікаційний індекс УДК 329:324(477+100)(063)
Авторський знак (НП) П50
245 ## - Відомості про назву
Назва (НП) Політичні партії і вибори: українські та світові практики
Решта назви (НП) збірник статтей і тез за результатами наукової конференції "Політичні партії і вибори: українські та світові практики" (пам'яті Юрія Романовича Шведи) від 8 жовтня 2016 року
Дані про відповідальність (НП) за заг. ред. А. Романюка
260 ## - Публікація, розповсюдження і т.п. (Вихідні дані)
Місце публікації, розповсюдження і т.п. (П) Львів
Дата публікації, розповсюдження і т.п. (П) 2017
Ім’я/ наймення видавництва, розповсюджувача і т.п. (П) Простір-М
300 ## - Фізичний опис
Обсяг 382 с.
520 ## - Резюме і т.п.
Резюме, реферат, анотація, тощо (НП) У збірнику представлений аналіз політичних партій на регіональному рівні. Особливості розвитку політичного процесу на націцональному та регіональному рівні в Україні. Окремо розглянуто особливості розвитку партійних та виборчих систем в різних країнах світу. Значна частка публікацій побудована на залученні прийнятих у розвинених демократичних країнах методиках та техніках аналізу практичної діяльності політичних партій. Для викладачів, аспірантів та студентів вищих навчальних закладів, політичних аналітиків та всіх, хто цікавиться політикою.
591 ## - Дарувальник
Прізвище та ініціали особи Мацієвський Ю. О.
650 ## - Додаткове предметне введення – тематичний термін
Тематичний термін чи географічна назва, як елемент введення (НП) 329 Політичні партії та рухи
9 (RLIN) 69
700 1# - Додаткове введення – ім'я особи
Ім’я особи (НП) Романюк А.
Дати, що асоціюються із іменем за заг. ред.
9 (RLIN) 25786
942 ## - Додаткові елементи входу (Коха)
Тип елемента Koha Книги
Source of classification or shelving scheme Universal Decimal Classification
955 ## - Код типу видання за змістом
Код типу видання за змістом (НП) Наукові видання
Фонди
Стан вилучень Стан втрат Джерело класифікації або схеми стелажів Стан уражень Не для кредиту Постійне місце розташування Поточне розміщення Дата придбання Джерело придбання Вартість, звичайна ціна покупки Усього замовленно Повний номер виклику Штрих-код Дата останнього перегляду Вартість, ціна заміни Ціна ефективна від Тип елемента Koha Інвентарний номер Примітка, призначена для загального доступу
    Universal Decimal Classification     ЧЗ - Читальна зала ЧЗ - Читальна зала 12/11/2019 № 45/06.11.2019 55.00   329:324(477+100) П50 161929 29/09/2021 55.00 12/11/2019 Книги    
    Universal Decimal Classification     ЧЗ - Читальна зала ЧЗ - Читальна зала 02/07/2026 Акт №33/22.06.2026 25.00   329:324(477+100)(063) П50 170189 02/07/2026 25.00 02/07/2026 Книги 170189 Дарувальник Лебедюк В. М.